Which Facebook "Like"s Show Your Political Affiliation? - Statistics

General Stats
  • This quiz has been taken 292 times
  • The average score is 9 of 20
Answer Stats
Hint Answer % Correct
politician/campaign Barack Obama 2012
91%
political party Positively Republican
81%
political party Democrats
78%
government building The White House
73%
political orientation Conservative
71%
political orientation Being Liberal
70%
politician George W Bush
69%
politician Ronald Reagan
50%
politician Joe Biden
39%
politician John McCain
37%
politician Sarah Palin
37%
media personality Rush Limbaugh
34%
media personality Bill O'Reilly
29%
media personality Sean Hannity
29%
politician Ted Kennedy
27%
politician Speaker Nancy Pelosi
22%
media personality Glenn Beck
19%
political issue Health Care Reform
18%
politician Barbara Boxer
12%
politician Anthony Weiner
8%
No matching quizzes found
Score Distribution
Percent of People with Each Score
Percentile by Number Answered
Your Score History
You have not taken this quiz